Trayectoria política de un ministro de la Corona / (Record no. 116300)

MARC details
000 -LEADER
campo de control de longitud fija 00644nam a2200205 4500
001 - NÚMERO DE CONTROL
campo de control 116300
003 - IDENTIFICADOR DE NÚMERO DE CONTROL
campo de control ES-MaACL
005 - FECHA Y HORA DE LA ÚLTIMA TRANSACCIÓN
campo de control 20231025172411.0
007 - CAMPO FIJO DE DESCRIPCIÓN FÍSICA--INFORMACIÓN GENERAL
campo de control de longitud fija t|
008 - DATOS DE LONGITUD FIJA--INFORMACIÓN GENERAL
campo de control de longitud fija 061121s1980 sp r ||||1| spa d
100 1# - ENTRADA PRINCIPAL--NOMBRE DE PERSONA
Nombre de persona Osorio, Alfonso.
9 (RLIN) 87764
245 10 - MENCIÓN DEL TÍTULO
Título Trayectoria política de un ministro de la Corona /
Mención de responsabilidad, etc. Alfonso Osorio.
250 ## - MENCION DE EDICION
Mención de edición 1ª. ed.
260 ## - PUBLICACIÓN, DISTRIBUCIÓN, ETC.
Lugar de publicación, distribución, etc. Barcelona :
Nombre del editor, distribuidor, etc. Planeta,
Fecha de publicación, distribución, etc. 1980.
300 ## - DESCRIPCIÓN FÍSICA
Extensión 374 p. :
Otras características físicas il. ;
Dimensiones 24 cm.
490 1# - MENCIÓN DE SERIE
Mención de serie Espejo de España. biografías y memorias ;
Designación de volumen o secuencia 64
830 0# - PUNTO DE ACCESO ADICIONAL DE SERIE-TÍTULO UNIFORME
Título uniforme Espejo de España. Biografías y memorias
Designación de volumen o secuencia 64
9 (RLIN) 180516
852 ## - LOCALIZACIÓN
Ubicación ES-MaACL
Número de control de estantería L-6508
Sublocalización o colección R.107362
Holdings
Estatus retirado Estado de pérdida Estado de daño No para préstamo Biblioteca de origen Biblioteca actual Ubicación en estantería Fecha de adquisición Fuente de adquisición Total de préstamos Signatura topográfica completa Código de barras Visto por última vez Precio de reemplazo Tipo de ítem Koha
        Biblioteca del Ateneo de Madrid Biblioteca del Ateneo de Madrid Depósito 2 17/01/2008     L-6508 1121276 23/02/2023 23/02/2023 Libro impreso